The mill on the floss / (Record no. 168904)

MARC details
000 -LEADER
fixed length control field 00478nam a2200181 4500
005 - DATE AND TIME OF LATEST TRANSACTION
control field 20191031111547.0
010 ## - LCCN (DPL NO)
LC control number ENG-126757
020 ## - INTERNATIONAL STANDARD BOOK NUMBER
International Standard Book Number 9789350330753
Terms of availability 250.00
035 ## - SYSTEM CONTROL NUMBER
System control number EN-110289
037 ## - SOURCE OF ACQUISITION
Source of stock number/acquisition DBAD/PUB
082 ## - DEWEY DECIMAL CLASSIFICATION NUMBER
Classification number N
100 ## - MAIN ENTRY--PERSONAL NAME
Personal name Eliot, George
245 ## - TITLE STATEMENT
Title The mill on the floss /
Statement of responsibility, etc by George Eliot
260 ## - PUBLICATION, DISTRIBUTION, ETC. (IMPRINT)
Place of publication, distribution, etc Noida
Name of publisher, distributor, etc Maple Press
Date of publication, distribution, etc 2013
270 ## - ADDRESS
Address A-63, Sector 58
City Noida
Postal code 201301
Telephone number 911204553581
300 ## - PHYSICAL DESCRIPTION
Extent 471p.
Dimensions 21cm(pbk)
942 ## - ADDED ENTRY ELEMENTS (KOHA)
Source of classification or shelving scheme Dewey Decimal Classification
Item type English Books
Classification part N
Call number suffix ELI
Holdings
Withdrawn status Lost status Not for loan Collection code Home library Current library Date acquired Source of acquisition Cost, normal purchase price Full call number Barcode Copy number Cost, replacement price Koha item type
      Fiction Central Library Central Library 31/10/2019 DBAD/PUB 250.00 N ELI EN-110289 1 250.00 English Books

© Delhi Public Library
Hit Counter
free hit counter